000 00529nam a22001817a 4500
003 OSt
005 20150309102855.0
008 150309b xxu||||| |||| 00| 0 eng d
040 _cBMC
082 _a867
100 0 _aVoltaire
_d1694-1778‏
_91498
245 1 0 _aBurlas y sátiras
_cVoltaire ; traducción de Manuel Gil de Oto
260 _aBarcelona
_bAntonio Roch
_c[1925]
300 _a228 p., 1 h.
_c20 cm
650 2 4 _9248
_aSátira española
700 1 _932492
_aGil de Oto, Manuel
_d1870-1937
942 _2ddc
_cBK
_hahoj
999 _c19375
_d19375